000 00273nam a22001217a 4500
008 181204b xxu||||| |||| 00| 0 eng d
041 _aeng
080 _27th
_a321
100 _a19
101 _aSHP
245 _aUnderastanding Public Policy
_cDye, Th. R
942 _2udc
_cBK
999 _c52812
_d52812